<?xml version="1.0" encoding="UTF-8"?>
<record
    xmlns:xsi="http://www.w3.org/2001/XMLSchema-instance"
    xsi:schemaLocation="http://www.loc.gov/MARC21/slim http://www.loc.gov/standards/marcxml/schema/MARC21slim.xsd"
    xmlns="http://www.loc.gov/MARC21/slim">

  <leader>01353nam a22001577a 4500</leader>
  <datafield tag="999" ind1=" " ind2=" ">
    <subfield code="c">528205</subfield>
    <subfield code="d">528205</subfield>
  </datafield>
  <controlfield tag="008">241119b           ||||| |||| 00| 0 eng d</controlfield>
  <datafield tag="100" ind1=" " ind2=" ">
    <subfield code="a">Kukreja, Veena </subfield>
    <subfield code="9">59546</subfield>
  </datafield>
  <datafield tag="245" ind1=" " ind2=" ">
    <subfield code="a">The Covid-19 pandemic and the migrant crisis in India: An analysis</subfield>
  </datafield>
  <datafield tag="260" ind1=" " ind2=" ">
    <subfield code="a">Bihar Journal of Public Administration </subfield>
  </datafield>
  <datafield tag="300" ind1=" " ind2=" ">
    <subfield code="a">18(1A), Jan-Jun, 2021: p.12-19</subfield>
  </datafield>
  <datafield tag="520" ind1=" " ind2=" ">
    <subfield code="a">The COVID-19 has posed an unprecedented challenge for India. One of the most significant and visible consequences of the pandemic is migrant crisis. Due to sudden and unplanned lockdown the migrant workers have to bear the worst burden of the epidemic in terms of lives and livelihood. Migrant crisis during the coronavirus pandemic has revealed multilayered relationship between the migrant workers and the virus. This paper seeks to analyse the contemporary migrant crisis highlighting the vulnerability of the migrant workers in terms of mobility, social security, health management as well as policy relief measures taken by the government. &#x2013; Reproduced 

http://www.iipabiharbranch.org/upload/Complete%20BJPA%20Vol.%20XVIII%20No.%201A%20(Covid%20special%20issue)%202021.pdf</subfield>
  </datafield>
  <datafield tag="650" ind1=" " ind2=" ">
    <subfield code="a">Covid-19, Pandemic, Supply chain, Informal sector, Health care, Social security, Mental health.</subfield>
    <subfield code="9">48947</subfield>
  </datafield>
  <datafield tag="773" ind1=" " ind2=" ">
    <subfield code="a">Bihar Journal of Public Administration </subfield>
  </datafield>
  <datafield tag="906" ind1=" " ind2=" ">
    <subfield code="a">PANDEMIC</subfield>
  </datafield>
  <datafield tag="942" ind1=" " ind2=" ">
    <subfield code="c">AR</subfield>
  </datafield>
  <datafield tag="952" ind1=" " ind2=" ">
    <subfield code="0">0</subfield>
    <subfield code="1">0</subfield>
    <subfield code="2">ddc</subfield>
    <subfield code="4">0</subfield>
    <subfield code="7">0</subfield>
    <subfield code="9">403297</subfield>
    <subfield code="a">IIPA</subfield>
    <subfield code="b">IIPA</subfield>
    <subfield code="d">2024-11-19</subfield>
    <subfield code="h">18(1A), Jan-Jun, 2021: p.12-19</subfield>
    <subfield code="p">AR133589</subfield>
    <subfield code="r">2024-11-19</subfield>
    <subfield code="y">AR</subfield>
  </datafield>
</record>
